02652 a2200313 4500001000700000020001500007020001800022041000800040082001400048100002400062520104500086521000701131697003101138856002401169040002501193090001901218245003901237260003301276942000701309952012501316952011401441952013701555952013701692952013701829952011301966952011402079952012602193999001902319113076 a8599520016 a9788554014070 apor aAP SK 028 aTolstói, Aleksei. aQuantas pessoas e animais são necessários para colher um nabo? Imagine se este nabo fosse tão, tão grande que você tivesse que pedir a ajuda de todos os seus amigos para arrancá-lo da horta. O nabo gigante, uma publicação do selo Girafinha, é uma história divertida e perfeita para ser lida em voz alta, em que um casal de velhinhos planta um nabo que cresce até ficar GIGANTE. No entanto, para retirar o legume do solo será necessária a ajuda de todos os animais da fazenda – dos maiores aos menores. Esta adaptação do clássico conto russo, escrita belamente por Aleksei Tolstói e ilustrada ao estilo rústico russo pela premiada artista Niamh Sharkey, mostra que o menor dos ajudantes pode fazer muita diferença. A história está alinhada com diversas competências da BNCC, é indicada para crianças em idade escolar pertinente à Educação Infantil e aborda temas como animais da fazenda, estações do ano, contagem numérica – tudo isso incluído na mesma narrativa cíclica. aSK aLiteratura infanto-juvenil u000003/00000375.jpg aBR-BrIDEAcBR-BrIDEA aAP SK 028bTOL10aO nabo gigantec Aleksei Tolstói aSão PaulobGirafinhac2005 cBK 00102ddc4070a12.28b12.28d2015-03-16l3oP SK 028 TOLp00014392SSWr2024-05-24 08:45:58s2024-05-17w2024-01-23yBK 00102ddc4070a12.27b12.27d2018-01-09l0oAP SK 028 TOLp00032128AGCr2024-01-23 14:50:59w2024-01-23yBK 00102ddc4070a12.28b12.28d2015-12-01l1oP SK 028 TOLp00017671SSWq2024-07-28r2024-05-29 11:04:52s2024-05-29w2024-01-23yBK 00102ddc4070a12.28b12.28d2015-03-16l1oP SK 028 TOLp00014394SSWq2024-07-28r2024-05-29 11:02:45s2024-05-29w2024-01-23yBK 00102ddc4070a12.28b12.28d2015-03-16l1oP SK 028 TOLp00014393SSWq2024-07-28r2024-05-29 10:58:27s2024-05-29w2024-01-23yBK 00102ddc4070a12.28b12.28d2021-07-29l0oP SK 028 TOLp00054553SSWr2024-01-23 14:50:59w2024-01-23yBK 00102ddc4070a12.27b12.27d2021-06-17l0oAP SK 028 TOLp00054380AGCr2024-01-23 14:50:59w2024-01-23yBK 00102ddc4070a12.27b12.27d2021-06-17l2oAP SK 028 TOLp00054381AGCr2024-06-25 16:04:28s2024-06-12w2024-01-23yBK c113076d113076